| 000 | 00604nam a2200181 4500 | ||
|---|---|---|---|
| 999 |
_c169208 _d169208 |
||
| 005 | 20191108113504.0 | ||
| 010 | _aENG-126865 | ||
| 020 |
_a9789352668410 _c300.00 |
||
| 035 | _aEN-110397 | ||
| 037 | _bDBAD/PUB | ||
| 082 | _a158.1 | ||
| 100 | _aAtkinson, William Walker | ||
| 245 |
_aThe law of attraction and practical mental influence / _cby William Walker Atkinson |
||
| 260 |
_aDelhi _bPrabhat Prakashan _c2018 |
||
| 270 |
_a4/19, Asaf Ali Road, New Delhi _bNew Delhi _e110002 _k011-23289777 _mprabhatbooks@gmail.com |
||
| 300 |
_a151p. _c22cm(Hb) |
||
| 942 |
_2ddc _cEN _h158.1 _mATK |
||